Verše

Bibliographic Details
Main Author: Strmeň, Karol, 1921-1994 (Author)
Format: Article
Language:Slovak
Subjects:

MARC

LEADER 00000nab a2200000 a 4500
001 vtls000750376
003 SK-MaSNL
005 20260303174437.0
008 131021c2000 xo 0 slo
015 |a SNBRB2001/03-08614 
035 |a CLN000102176 
040 |a SNKBUCL  |b slo  |c SNKBUCL  |e AACR2 
041 0 |a slo 
044 |a xo  |c SK 
080 |a 885.4 (73)-1  |2 1997 
100 1 |a Strmeň, Karol,  |d 1921-1994  |4 aut  |9 112747 
245 1 0 |a Verše  |c Karol Strmeň 
650 0 7 |a lyrické básne, slovenské  |2 snkbucl  |9 28980 
655 7 |a články z novín a časopisov  |2 snkbucl  |9 267496 
655 7 |a články z odboru literárna veda a krásna literatúra  |2 snkbucl  |9 770045 
773 0 |t Slovenské pohľady  |g Roč. 4+116, č. 12 (2000), s. 34 
850 |a Slovenská národná knižnica v Martine 
852 |a SNK  |b KIS3GCP 
958 |a LX 
958 |a SK 
958 |a US 
992 |a RBX 
999 |c 2096686  |d 2098616